000 00589nam a2200181 i 4500
001 60110
003 ES-MaACL
005 20230906164146.0
007 t|
008 031103s1968 sp f |||| | spa d
110 1 _aEspaña.
_bMinisterio de Información y Turismo.
_bServicio Informativo Español.
_93888
245 1 0 _aEspaña en el Sahara.
260 _aMadrid :
_b[S.I.E., Ministerio de Información y Turismo],
_c1968.
300 _a102 p., 11 lám. ;
_c21 cm.
651 4 _aSahara Occidental-
_xAdministración.
_9165644
852 _aES-MaACL
_jC-48323
852 _aES-MaACL
_jC-49976
999 _c60110
_d60110